مكتبة جامعة عجلون الوطنية

فهرس بحث المكتبة

القدس: قضية أمة (Record no. 21066)

MARC details
000 -LEADER
fixed length control field 00877nam a2200241Ii 4500
003 - CONTROL NUMBER IDENTIFIER
control field JO-AjNU
008 - FIXED-LENGTH DATA ELEMENTS--GENERAL INFORMATION
fixed length control field 230605s9999||||xx |||||||||||||| ||und||
017 ## - COPYRIGHT OR LEGAL DEPOSIT NUMBER
Copyright or legal deposit number 2001/4174
020 ## - INTERNATIONAL STANDARD BOOK NUMBER
International Standard Book Number 977-5274-58-3
040 ## - CATALOGING SOURCE
Original cataloging agency JO-AjNU
Language of cataloging ara
Description conventions rda
Transcribing agency JO-AjNU
041 ## - LANGUAGE CODE
Language code of text/sound track or separate title ara
050 14 - LIBRARY OF CONGRESS CALL NUMBER
Classification number DS109.9.y37 2001
100 3# - MAIN ENTRY--PERSONAL NAME
Personal name تاليف الياسين، جاسم بن محمد بن مهلهل,
Relator term author
9 (RLIN) 41103
245 00 - TITLE STATEMENT
Title القدس: قضية أمة
250 ## - EDITION STATEMENT
Edition statement ط2
264 31 - PRODUCTION, PUBLICATION, DISTRIBUTION, MANUFACTURE, AND COPYRIGHT NOTICE
Place of production, publication, distribution, manufacture مصر: مركز الاعلام العربي، 2001
300 ## - PHYSICAL DESCRIPTION
Extent 128ص
336 ## - CONTENT TYPE
Content type term text
Content type code txt
Source rdacontent
337 ## - MEDIA TYPE
Media type term unmediated
Media type code n
Source rdamedia
338 ## - CARRIER TYPE
Carrier type term volume
Carrier type code nc
Source rdacarrier
490 0# - SERIES STATEMENT
Series statement سلسلة كتاب القدس؛ 2
650 #4 - SUBJECT ADDED ENTRY--TOPICAL TERM
Topical term or geographic name entry element العرب واليهود- النزاع العربي الاسرائيلي-، القدس تاريخ- الاحتلال الاسرائيلي 1948
9 (RLIN) 41104
Holdings
Withdrawn status Lost status Source of classification or shelving scheme Damaged status Not for loan Home library Current library Shelving location Date acquired Total Checkouts Full call number Barcode Date last seen Price effective from Koha item type
    Library of Congress Classification     مكتبة جامعة عجلون الوطنية مكتبة جامعة عجلون الوطنية المجموعات العامة 06/06/2023   DS109.9.y37 2001 A17498 06/06/2023 06/06/2023 Books